Математическое моделирование коаксиального магнитоплазменного ускорителя; Известия Томского политехнического университета [Известия ТПУ]; Т. 317, № 4: Энергетика

Bibliografski detalji
Parent link:Известия Томского политехнического университета [Известия ТПУ]/ Томский политехнический университет (ТПУ).— , 2000-
Т. 317, № 4: Энергетика.— 2010.— [С. 74-78]
Daljnji autori: Сивков А. А. Александр Анатольевич, Исаев Ю. Н. Юсуп Ниязбекович, Васильева О. В. Ольга Владимировна, Купцов А. М. Анатолий Михайлович
Sažetak:Заглавие с титульного листа
Электронная версия печатной публикации
Построена и исследована математическая модель коаксиального магнитоплазменного ускорителя. На примере модели методами вычислительного эксперимента проведен расчет поля векторного потенциала, индуктивности индуктора, имеющего сложную конфигурацию, погонной индуктивности коаксиальной системы жгут-электрод. Получено решение системы уравнений равновесия напряжения и тока в цепи и ее связь с механическими процессами в системе, графически представлен баланс энергии без учета эрозии.
Jezik:ruski
Izdano: 2010
Serija:Энергетика
Teme:
Online pristup:http://www.lib.tpu.ru/fulltext/v/Bulletin_TPU/2010/v317/i4/16.pdf
Format: Elektronički Poglavlje knjige
KOHA link:https://koha.lib.tpu.ru/cgi-bin/koha/opac-detail.pl?biblionumber=192875

MARC

LEADER 00000nla2a2200000 4500
001 192875
005 20251110095738.0
035 |a (RuTPU)RU\TPU\book\210305 
035 |a RU\TPU\book\210298 
090 |a 192875 
100 |a 20110310d2010 k y0rusy50 ca 
101 0 |a rus 
102 |a RU 
135 |a drnn ---uucaa 
181 0 |a i  
182 0 |a b 
200 1 |a Математическое моделирование коаксиального магнитоплазменного ускорителя  |f А. А. Сивков [и др.] 
203 |a Текст  |c электронный 
215 |a 1 файл (386 Кб) 
225 1 |a Энергетика 
300 |a Заглавие с титульного листа 
300 |a Электронная версия печатной публикации 
320 |a [Библиогр.: с. 78 (5 назв.)] 
330 |a Построена и исследована математическая модель коаксиального магнитоплазменного ускорителя. На примере модели методами вычислительного эксперимента проведен расчет поля векторного потенциала, индуктивности индуктора, имеющего сложную конфигурацию, погонной индуктивности коаксиальной системы жгут-электрод. Получено решение системы уравнений равновесия напряжения и тока в цепи и ее связь с механическими процессами в системе, графически представлен баланс энергии без учета эрозии. 
337 |a Adobe Reader 
461 1 |0 (RuTPU)RU\TPU\book\176237  |t Известия Томского политехнического университета [Известия ТПУ]  |f Томский политехнический университет (ТПУ)  |d 2000- 
463 1 |0 (RuTPU)RU\TPU\book\210108  |t Т. 317, № 4: Энергетика  |v [С. 74-78]  |d 2010  |p 196 с. 
610 1 |a магнитоплазменные ускорители 
610 1 |a математическое моделирование 
610 1 |a электротехнические схемы 
610 1 |a схемы замещения 
610 1 |a системы нелинейных дифференциальных уравнений 
610 1 |a труды учёных ТПУ 
610 1 |a электронный ресурс 
701 1 |a Сивков  |b А. А.  |c специалист в области электроэнергетики  |c профессор Томского политехнического университета, доктор технических наук  |f 1951-  |g Александр Анатольевич  |3 (RuTPU)RU\TPU\pers\26846  |9 12465 
701 1 |a Исаев  |b Ю. Н.  |c специалист в области электротехники  |c профессор Томского политехнического университета, доктор физико-математических наук  |f 1960-  |g Юсуп Ниязбекович  |3 (RuTPU)RU\TPU\pers\25324  |9 11306 
701 1 |a Васильева  |b О. В.  |c специалист в области теоретической электротехники  |c доцент Томского политехнического университета, кандидат технических наук  |f 1983-  |g Ольга Владимировна  |y Томск  |3 (RuTPU)RU\TPU\pers\25323  |9 11305 
701 1 |a Купцов  |b А. М.  |c российский ученый, специалист в области электродинамики  |c доцент Томского политехнического университета, кандидат технических наук  |f 1940-  |g Анатолий Михайлович  |3 (RuTPU)RU\TPU\pers\27986 
801 1 |a RU  |b 63413507  |c 20090623  |g PSBO 
801 2 |a RU  |b 63413507  |c 20211223  |g PSBO 
856 4 |u http://www.lib.tpu.ru/fulltext/v/Bulletin_TPU/2010/v317/i4/16.pdf 
942 |c CF